000 00349nam a22001217a 4500
999 _c9794
_d9794
003 OSt
008 201203b ||||| |||| 00| 0 eng d
245 _aIIMB Management Review
250 _a2014(Mar Vol.26 No.1, Jun Vol.26 No.2) 2015(Jun Vol.27 No.2, Dec Vol.27 No.4)
260 _aBangalore,Karnataka
_bIIMB
650 _aManagement
942 _2ddc
_cBV